000 00295nam a2200109 4500
999 _c9680
_d9680
008 180713b ||||| |||| 00| 0 eng d
245 _aBest, brightest in PBA to be feted.
260 _aPhilippines
_bThe Philippine Star
_cc2017
300 _apage 18.
650 0 _928671
_aSports.
942 _2ddc
_cPER